Statistics for Eurovision 2020 - Guess the Lyrics

Click here to take the quiz!

General Stats

  • This quiz has been taken 41 times
  • The average score is 15 of 41

Answer Stats

HintAnswer% Correct
Sans toi, je perds le meilleur de moi France
84%
Se me dás a tua mão
Eu não sei como vou reagir
Portugal
79%
All you have to do is to be ready for some action now Russia
76%
Tuve que escucharme cuando había tiempo, y no entiendoSpain
76%
Pourquoi on court
Sans jamais s'arrêter?
Switzerland
76%
E me ne vado in giro senza parlare
Senza un posto a cui arrivare
Italy
68%
All the lies and all the pain
Only you can make them go away
Belgium
58%
Jedan, dva, tri i kraj
Odbrojano je znaj
Serbia
58%
Запытала, ой нашто мне той, каго не выбіралаBelarus
53%
I've got this dirt inside me
I've got some space to grow
Bulgaria
47%
Why don't you love me? Georgia
47%
She was her own worst enemy
Just like me, yeah, just like me
Azerbaijan
45%
Yakbi ya toho ne znala
Ya b z toboyu ne hulyala
Ukraine
45%
Don't mind my mood
Changing like the weather
Netherlands
42%
Every time that I try to explain it
You think that your pain is more important
Australia
39%
U tišini ostavi me gdje sam
Svaka riječ sad prosta je
Croatia
39%
You know what I want
You got me on the edge of my seat
Germany
39%
And I will do what I can
Just to be a better man
Lithuania
37%
I fool myself just to make you happy Norway
37%
Hoping for change but we do the same
We're gasoline and a match
Poland
37%
There's no wonder it takes a woman
To be a hero more than a human
Greece
34%
Three birds of a feather
I just hope you enjoy our company
Iceland
34%
So you were walkin' towards me and I know I should believe
I would be the one that really make you feelin' like a boss
Armenia
32%
Every day I wake up, trying to get higherLatvia
32%
You lied so many times
But right between the lines
I read it
Romania
32%
Peljiva naprej
V drugo smer
Slovenia
29%
Drinks on rooftops and kiss in the dark
Dance around late at night in the park
San Marino
24%
Behind a wall of egos, there is a hidden hero in usAustria
21%
I am surrounded by walls
Covered with all your memories
Moldova
21%
My lips find yours
And just like a muse you're taking over me
North Macedonia
21%
All the hurt that you leave in your wake
It's so hard not to break
Albania
18%
Never thought I would be high on life but sober Denmark
18%
Didn't know what we need
We were in such a rush to grow up
Finland
18%
Why would I ever wanna put myself inside a box?Ireland
18%
Now I know your words are true
My heart is filled with gratitude
Malta
16%
We all need a lifeline
Someone to call when we're alone
United Kingdom
16%
When highs turn low
I'll guide you home
Sweden
13%
How wonderful was the awakening
Now everything is the sunrise
Estonia
11%
Drowning out my memories, from the night beforeCyprus
8%
You'll be playing with the fire
If you dance with me
Czech Republic
8%
Love is on the mind
Close your eyes and you will find
Israel
8%

Score Distribution

Percentile by Number Answered

Percent of People with Each Score

Your Score History

You have not taken this quiz